| 000 | 00513nam a22001817a 4500 | ||
|---|---|---|---|
| 999 |
_c30913 _d30912 |
||
| 003 | OSt | ||
| 005 | 20181016023956.0 | ||
| 008 | 181001b ||||| |||| 00| 0 eng d | ||
| 020 | _a9781487905064 | ||
| 040 |
_aMMU _beng _cMMU _dMMU |
||
| 050 | _aDS 437 .B43 2015 | ||
| 100 | _aBhaneja , Charu . | ||
| 245 |
_aHistory of south Asia : _b1757 To the present / _cBhaneja , Charu . |
||
| 260 |
_aCanada : _bCustom Publishing, _c2015. |
||
| 300 | _a213 p .; | ||
| 650 | _ahistory of south Asia | ||
| 942 |
_2lcc _cLOAN LOAN |
||